[Event "TUR-ch (Women)"]
[Site "Ayvalik"]
[Date "2022.03.09"]
[Round "7"]
[White "Salt, Ilayda"]
[Black "Buyuk, Ecrin Efsa"]
[Result "0-1"]
[WhiteElo "1594"]
[BlackElo "1706"]
[PlyCount "112"]
[EventDate "2022.03.05"]
[EventType "swiss"]
[EventRounds "9"]
[EventCountry "TUR"]
[SourceTitle "EXT 2023"]
[Source "ChessBase"]
[SourceDate "2022.10.05"]
[SourceVersion "1"]
[SourceVersionDate "2022.10.05"]
[SourceQuality "1"]

1. d4 d5 2. c4 c6 3. Nf3 Nf6 4. g3 Bf5 5. Bg2 e6 6. 0-0 Nbd7 7. Nbd2 Be7 8. b3 0-0 9. Bb2 Ne4 10. Re1 Ndf6 11. a3 dxc4 12. bxc4 c5 13. Nxe4 Nxe4 14. d5 exd5 15. cxd5 c4 16. Rc1 c3 17. Bxc3 Bxa3 18. Rc2 Nxc3 19. Rxc3 Bb4 20. Rb3 Bxe1 21. Nxe1 Qd7 22. d6 Rab8 23. e4 Be6 24. Ra3 b5 25. Qd4 Rb6 26. e5 b4 27. Ra1 b3 28. Nd3 Bf5 29. Nc5 Qb5 30. Bf1 Qb4 31. Qxb4 Rxb4 32. Bd3 b2 33. Rb1 Be6 34. Nxe6 fxe6 35. f4 g6 36. Kf2 a5 37. Rd1 Rfb8 38. Bb1 Kf7 39. Ke3 a4 40. g4 a3 41. f5 gxf5 42. gxf5 exf5 43. Ba2+ Ke8 44. Bb1 a2 45. Bxa2 b1Q 46. Bxb1 Rxb1 47. Rd5 Kd7 48. Kf4 Ke6 49. Rd2 R1b4+ 50. Kg5 Kxe5 51. h4 Rg8+ 52. Kh5 Rd8 53. Rg2 Rxd6 54. Rg7 Rdd4 55. Re7+ Kf6 56. Rf7+ Ke5 0-1

[Event "TUR-chT 2nd League"]
[Site "Konya"]
[Date "2017.07.21"]
[Round "7.7"]
[White "Dayan, Cansu"]
[Black "Salt, Ilayda"]
[Result "0-1"]
[WhiteElo "1525"]
[BlackElo "1544"]
[PlyCount "62"]
[EventDate "2017.07.17"]
[EventType "team-swiss"]
[EventRounds "9"]
[EventCountry "TUR"]
[SourceTitle "CBM 179 Extra"]
[Source "ChessBase"]
[SourceDate "2017.08.23"]
[SourceVersion "1"]
[SourceVersionDate "2017.08.23"]
[SourceQuality "1"]
[WhiteTeam "Kahramanmaras DSI "]
[BlackTeam "Eskiseh Tasci"]
[WhiteTeamCountry "TUR"]
[BlackTeamCountry "TUR"]

1. d4 Nf6 2. Nf3 c5 3. c3 cxd4 4. cxd4 d5 5. Bf4 Nc6 6. h3 e6 7. e3 Bd6 8. Ne5 0-0 9. Nd2 Bc7 10. Qf3 Ba5 11. Qd1 Nxe5 12. Bxe5 Ne4 13. Bd3 Bxd2+ 14. Kf1 Ba5 15. Qh5 f6 16. Bf4 Qe8 17. Qe2 e5 18. Bh2 exd4 19. Qc2 dxe3 20. fxe3 f5 21. Rd1 Be6 22. Be5 Bb6 23. Qe2 Qg6 24. Qf3 Rad8 25. h4 d4 26. h5 Qg4 27. Ke2 Bd5 28. Bxe4 Bxe4 29. Qxg4 fxg4 30. Rh4 Bxg2 31. Bf4 Bf3+ 0-1

[Event "TUR-chT 2nd League"]
[Site "Konya"]
[Date "2017.07.20"]
[Round "6.6"]
[White "Salt, Ilayda"]
[Black "Benderac, Ana"]
[Result "0-1"]
[WhiteElo "1544"]
[BlackElo "2233"]
[PlyCount "74"]
[EventDate "2017.07.17"]
[EventType "team-swiss"]
[EventRounds "9"]
[EventCountry "TUR"]
[SourceTitle "CBM 179 Extra"]
[Source "ChessBase"]
[SourceDate "2017.08.23"]
[SourceVersion "1"]
[SourceVersionDate "2017.08.23"]
[SourceQuality "1"]
[WhiteTeam "Eskiseh Tasci"]
[BlackTeam "Bursa Nida"]
[WhiteTeamCountry "TUR"]
[BlackTeamCountry "TUR"]

1. d4 d5 2. c4 c6 3. cxd5 cxd5 4. Nf3 Nc6 5. Nc3 e6 6. e3 Bd6 7. Bd3 f5 8. 0-0 Nf6 9. Qe2 0-0 10. b3 Bd7 11. Rd1 Be8 12. Ne1 Bh5 13. f3 Ne4 14. Bxe4 fxe4 15. Qf2 Qc7 16. g3 Bxf3 17. Ne2 Bg4 18. Qg2 Qf7 19. Rd2 Bb4 20. Nf4 Bxd2 21. Bxd2 g5 22. h3 Bf3 23. Nxf3 exf3 24. Qxf3 gxf4 25. gxf4 Kh8 26. Rf1 Rg8+ 27. Kh2 Qf5 28. Rf2 Rg6 29. b4 b5 30. Re2 Rag8 31. Be1 h6 32. a3 Qe4 33. Qxe4 dxe4 34. Rc2 Ne7 35. Bc3 Nd5 36. Be1 Nxe3 37. Re2 Nf1+ 0-1